[Event "American Continental (Women) 16th"]
[Site "Oaxtepec"]
[Date "2025.05.06"]
[Round "9"]
[White "Tec Rodas, Sofia Isavelina"]
[Black "Dotor Martinez, Zoe"]
[Result "1-0"]
[WhiteElo "1916"]
[BlackElo "1572"]
[PlyCount "83"]
[EventDate "2025.05.01"]
[EventType "swiss"]
[EventRounds "9"]
[EventCountry "MEX"]
[SourceTitle "CB19_2025"]
[SourceDate "2025.05.07"]
[SourceVersion "1"]
[SourceVersionDate "2025.05.07"]
[SourceQuality "1"]

1. e4 e5 2. Nf3 Nc6 3. Nc3 Nf6 4. Bb5 Nd4 5. 0-0 Nxb5 6. Nxb5 d6 7. d4 exd4 8. Nbxd4 Be7 9. Re1 0-0 10. h3 Re8 11. Bf4 Bf8 12. Qd3 g6 13. Rad1 Bg7 14. e5 dxe5 15. Bxe5 c6 16. c4 Bd7 17. Nb3 Bf5 18. Qc3 Qe7 19. Bd6 Qd8 20. Be5 Qe7 21. Nbd4 Ne4 22. Rxe4 Bxe4 23. Bxg7 f5 24. Bh6 Qf6 25. Qb3 c5 26. Nb5 Bxf3 27. Qxf3 Rad8 28. Nc7 Rxd1+ 29. Qxd1 Rd8 30. Nd5 Kf7 31. Qb3 Qc6 32. Qc3 Rg8 33. Qe5 g5 34. Qe7+ Kg6 35. Qxg5+ Kf7 36. Qxg8+ Kxg8 37. Ne7+ Kf7 38. Nxc6 bxc6 39. g4 fxg4 40. hxg4 Kf6 41. Bf8 a6 42. f4 1-0

[Event "Wch U20 Girls 39th"]
[Site "Mexico City"]
[Date "2023.09.22"]
[Round "2"]
[White "Yedigaryan, Asya"]
[Black "Dotor Martinez, Zoe"]
[Result "1-0"]
[WhiteElo "1786"]
[BlackElo "1151"]
[PlyCount "69"]
[EventDate "2023.09.21"]
[EventType "swiss"]
[EventRounds "11"]
[EventCountry "MEX"]
[SourceTitle "CBM 216 Extra"]
[Source "ChessBase"]
[SourceDate "2023.11.30"]
[SourceVersion "1"]
[SourceVersionDate "2023.11.30"]
[SourceQuality "1"]

1. e4 c5 2. Nf3 d6 3. d4 cxd4 4. Nxd4 Nf6 5. Nc3 a6 6. f3 e5 7. Nb3 Be7 8. Be3 Qc7 9. Qd2 Nbd7 10. g4 Nc5 11. g5 Nxb3 12. axb3 Nd7 13. Nd5 Qc6 14. Bb5 axb5 15. Rxa8 b6 16. Qc3 Nc5 17. b4 Bd8 18. Ra1 Be6 19. bxc5 bxc5 20. Qd2 f5 21. gxf6 gxf6 22. Rg1 Rg8 23. Rxg8+ Bxg8 24. Rd1 b4 25. Qg2 Bf7 26. Qg7 Bg6 27. Nxf6+ Bxf6 28. Qxf6 Kd7 29. Bg5 Kc7 30. Qd8+ Kb7 31. Rxd6 Qb5 32. Rd7+ Ka6 33. Qa8+ Kb6 34. Qa7+ Kc6 35. Qc7# 1-0